Statistiques concernant Personnages Wii Sport Resort

Cliquez ici pour prendre le quiz!

Statistiques générales

  • Ce quiz a été pris 7 fois
  • Le résultat moyen est 39 sur 100

Statistiques - réponses

Réponse% Correct
Matt
100%
Alex
80%
Ashley
80%
Helen
80%
James
80%
Luca
80%
Lucia
80%
Patrick
80%
Pierre
80%
Rachel
80%
Ryan
80%
Theo
80%
Tommy
80%
Vincenzo
80%
Yoshi
80%
Abby
60%
Ai
60%
Andy
60%
Anna
60%
Barbara
60%
Chris
60%
Daisuke
60%
David
60%
Eddy
60%
Eduardo
60%
Elisa
60%
Greg
60%
Haru
60%
Ian
60%
Jake
60%
Kathrin
60%
Marco
60%
Martin
60%
Miguel
60%
Mike
60%
Nick
60%
Oscar
60%
Pablo
60%
Tyrone
60%
Ursula
60%
Victor
60%
Eva
40%
Fumiko
40%
George
40%
Gwen
40%
Hayley
40%
Hiroshi
40%
Julie
40%
Kentaro
40%
Megan
40%
Naomi
40%
Nelly
40%
Rainer
40%
Rin
40%
Saburo
40%
Sakura
40%
Stephanie
40%
Steve
40%
Yoko
40%
Abe
20%
Akira
20%
Emma
20%
Fritz
20%
Gabi
20%
Gabriele
20%
Giovanna
20%
Hiromi
20%
Jackie
20%
Jessie
20%
Maria
20%
Mia
20%
Michael
20%
Miyu
20%
Ren
20%
Sandra
20%
Sarah
20%
Shinnosuke
20%
Siobhan
20%
Sota
20%
Takumi
20%
Alisha
0%
Asami
0%
Chika
0%
Cole
0%
Emily
0%
Hisomasa
0%
Holly
0%
Keiko
0%
Marisa
0%
Midori
0%
Misaki
0%
Shinta
0%
Shohei
0%
Shouta
0%
Silke
0%
Steph
0%
Susana
0%
Takashi
0%
Tatsuaki
0%
Tomoko
0%

Distribution des résultats

Percentile par nombre de réponses

% des personnes avec chaque résultat

Votre développement - résultats

Vous n’avez pas pris ce quiz